Statistiken für Kabinett Merkel IV

Klicken Sie hier um das Quiz zu spielen!

Allgemein

  • Dieses Quiz wurde 226 mal gespielt
  • Das Durchschnittsergebnis liegt bei 15 aus 19

Antwortstatistiken

Amt oder RessortZeitraumParteiName% Korrekt
Bundeskanzlerin2018 -CDUAngela Merkel
99%
Vizekanzler2018 -SPDOlaf Scholz
97%
Finanzen2018 -SPDOlaf Scholz
97%
Inneres, Bau und Heimat2018 -CSUHorst Seehofer
95%
Gesundheit2018 -CDUJens Spahn
94%
Auswärtiges2018 -SPDHeiko Maas
91%
2019 -CDUAnnegret Kramp-Karrenbauer
90%
Verteidigung2018 - 2019CDUUrsula von der Leyen
89%
Verkehr2018 -CSUAndreas Scheuer
88%
Wirtschaft und Energie2018 -CDUPeter Altmaier
87%
Arbeit und Soziales2018 -SPDHubertus Heil
82%
Ernährung und Landwirtschaft2018 -CDUJulia Klöckner
78%
Familie2018 -SPDFranziska Giffey
77%
Wirtschaftliche Zusammenarbeit2018 -CSUGerd Müller
69%
Besondere Aufgaben2018 -CDUHelge Braun
67%
Umwelt2018 -SPDSvenja Schulze
62%
2019 -SPDChristine Lambrecht
55%
Bildung2018 -CDUAnja Karliczek
54%
Justiz und Verbraucherschutz2018 - 2019SPDKatarina Barley
53%

Verteilung der Resultate

Perzentil nach korrekt beantworteten Fragen

Anzahl Personen mit jedem Resultat

Ihre Resultats-Entwicklung

Sie haben dieses Quiz noch nicht gespielt